[Event "89th Hastings Masters 2013-14"]
[Site "Hastings ENG"]
[Date "2013.12.30"]
[Round "3.10"]
[White "Cherniaev, Alexander"]
[Black "Marusenko, Petr"]
[Result "1/2-1/2"]
[WhiteTitle "GM"]
[BlackTitle "IM"]
[WhiteElo "2434"]
[BlackElo "2189"]
[WhiteFideId "4117301"]
[BlackFideId "14100606"]
[EventDate "2013.12.28"]

1. d4 f5 2. e4 fxe4 3. Nc3 Nf6 4. Bg5 Nc6 5. d5 Ne5 6. Qe2 c6 7. O-O-O cxd5 8.
f4 Nf7 9. Bxf6 gxf6 10. Nxd5 e6 11. Qxe4 f5 12. Qe3 Bd6 13. Nh3 Kf8 14. Nc3 b6
15. Be2 Bb7 16. Bf3 Bxf3 17. Qxf3 Rc8 18. Nb5 Bb8 19. Qb7 d5 20. Rhe1 Qe8 21. g3
Rd8 22. Qa6 Nd6 23. Nxd6 Rxd6 24. Ng5 h6 25. Nf3 Rh7 26. Nd4 Re7 27. Re3 b5 28.
Qxb5 Qc8 29. Qe2 Qa6 30. Qh5 Rb6 31. Qxh6+ Ke8 32. Nb3 Qxa2 33. Qh8+ Kd7 34. Rc3
Re8 35. Nc5+ Kd8 36. Qf6+ Re7 37. Ra3 Qc4 38. Rc3 Qa2 39. Nd3 Bd6 40. Re1 Kd7
41. Qd4 Qa1+ 42. Kd2 Qa5 43. Ke2 Bb4 44. Nxb4 Rxb4 45. Ra1 Qb5+ 46. Qd3 Qb8 47.
b3 Ke8 48. Kd2 Qb6 49. Kc1 a5 50. Qd1 Re4 51. Kb2 a4 52. Ra3 Rb7 53. Qh5+ Rf7
54. Qh8+ Ke7 55. Qa8 Rf8 56. Qc6 Qxc6 57. Rxc6 axb3 58. Rxb3 Kf6 59. Rc7 Re2 60.
h3 Rh8 61. g4 Re4 62. gxf5 Kxf5 63. Rf7+ Kg6 64. Rbb7 Rb4+ 65. Rxb4 Kxf7 66. Rb3
Kf6 67. Kc1 Kf5 1/2-1/2

[Event "89th Hastings Masters 2013-14"]
[Site "Hastings ENG"]
[Date "2013.12.30"]
[Round "3.11"]
[White "Kett, Tim"]
[Black "Foisor, Ovidiu-Doru"]
[Result "1/2-1/2"]
[BlackTitle "IM"]
[WhiteElo "2223"]
[BlackElo "2397"]
[WhiteFideId "1801210"]
[BlackFideId "1200143"]
[EventDate "2013.12.28"]

1. e4 e6 2. d3 d5 3. Nd2 c5 4. Ngf3 Nc6 5. g3 g6 6. Bg2 Bg7 7. O-O Nge7 8. Re1
h6 9. Qe2 b6 10. a3 a5 11. Rb1 Ra7 12. h4 e5 13. h5 g5 14. Nh2 O-O 15. c3 f5 16.
exd5 Nxd5 17. Nc4 Rd7 18. f4 gxf4 19. gxf4 Re8 20. fxe5 Nxe5 21. Bd2 Rde7 22.
Bxd5+ Qxd5 23. Nxb6 Qc6 24. Nxc8 Qxc8 25. Qg2 Kh8 26. Kh1 Nxd3 27. Rxe7 Rxe7 28.
Rf1 Qe6 29. Nf3 Qe2 30. b4 axb4 31. axb4 cxb4 32. cxb4 Qxg2+ 33. Kxg2 Re2+ 34.
Kg3 Bf8 35. Bc3+ Kh7 36. Nh4 Re3+ 37. Rf3 Bd6+ 38. Kg2 Rxf3 39. Kxf3 Bxb4 40.
Bxb4 Nxb4 41. Nxf5 1/2-1/2

[Event "89th Hastings Masters 2013-14"]
[Site "Hastings ENG"]
[Date "2013.12.30"]
[Round "3.12"]
[White "Foisor, Mihaela-Veronica"]
[Black "Fernandez, Daniel Howard"]
[Result "0-1"]
[WhiteTitle "WIM"]
[BlackTitle "IM"]
[WhiteElo "2216"]
[BlackElo "2381"]
[WhiteFideId "2270757"]
[BlackFideId "5801605"]
[EventDate "2013.12.28"]

1. d4 Nf6 2. c4 g6 3. Nc3 Bg7 4. Bg5 d6 5. Nf3 h6 6. Bh4 g5 7. Bg3 Nh5 8. e3 c5
9. d5 Nxg3 10. hxg3 Nd7 11. Qc2 a6 12. Be2 Qa5 13. Nd2 Bxc3 14. bxc3 Nf6 15. a4
Bd7 16. Nb3 Qc7 17. a5 O-O-O 18. Nd2 Kb8 19. Bd3 h5 20. Nf3 Rdg8 21. Bf5 e6 22.
Bd3 exd5 23. cxd5 Nxd5 24. Qb3 Be6 25. Bc4 Qc6 26. Rb1 h4 27. g4 h3 28. Rxh3
Rxh3 29. gxh3 Nxe3 30. fxe3 Bxc4 31. Qxc4 Qxf3 32. Qd3 Re8 33. Qxd6+ Ka8 34. Kd2
Qxe3+ 35. Kc2 Qe2+ 36. Qd2 Qc4 37. Kc1 f6 38. Kd1 Qa4+ 39. Kc1 Qxa5 40. Rxb7 Rd8
41. Qb2 Qa4 42. Rb3 Qe4 43. Qf2 Qd5 44. Kb2 Qd2+ 45. Qxd2 Rxd2+ 46. Kc1 Rd3 47.
Rb6 Rxc3+ 48. Kd2 Rf3 49. Ke2 Ka7 50. Rc6 Rxh3 51. Rxf6 Rg3 52. Rf5 Rxg4 53.
Rxc5 Kb6 54. Rf5 a5 55. Kd3 a4 56. Kc3 Kc6 57. Ra5 Kd6 58. Kd2 Ke6 59. Ke2 Kf6
60. Ra6+ Kf5 61. Kf3 Rb4 62. Ra5+ Kg6 63. Ra8 g4+ 64. Kg3 Kf5 65. Ra5+ Ke6 66.
Kf2 Kd6 67. Ke2 Kc6 68. Kd2 Kb6 69. Ra8 Kb5 70. Kc2 Rc4+ 71. Kb2 Kc5 72. Rd8 Rd4
73. Rg8 Kd5 74. Kc3 Rf4 75. Kd3 Kc5 76. Ke3 Rb4 77. Rg5+ Kc6 78. Rg6+ Kd5 79.
Rg5+ Ke6 80. Ra5 g3 81. Kf3 Rb3+ 0-1

[Event "89th Hastings Masters 2013-14"]
[Site "Hastings ENG"]
[Date "2013.12.30"]
[Round "3.13"]
[White "Hebden, Mark L"]
[Black "Cafferty, Bernard"]
[Result "1-0"]
[WhiteTitle "GM"]
[BlackTitle "FM"]
[WhiteElo "2560"]
[BlackElo "2081"]
[WhiteFideId "400084"]
[BlackFideId "401005"]
[EventDate "2013.12.28"]

1. d4 e6 2. Nf3 Nf6 3. e3 b6 4. Bd3 Bb7 5. O-O c5 6. c4 Be7 7. Nc3 a6 8. b3 Bxf3
9. Qxf3 Nc6 10. Rd1 cxd4 11. exd4 O-O 12. d5 exd5 13. Nxd5 Nxd5 14. Qxd5 Bf6 15.
Ba3 Bxa1 16. Bxf8 Qxf8 17. Rxa1 Nb4 18. Qd4 Nxd3 19. Qxd3 Qe7 20. Rd1 Ra7 21.
Kf1 Qe5 22. Re1 Qb8 23. Qd5 Qf8 24. h4 Rc7 25. h5 h6 26. g4 d6 27. Rd1 Qc8 28.
Rd4 Rd7 29. Kg2 Qc5 30. Qa8+ Kh7 31. Rd5 Qa3 32. Qc6 Re7 33. Qxd6 Qxd6 34. Rxd6
Rb7 35. Kf3 Kg8 36. Ke4 1-0

[Event "89th Hastings Masters 2013-14"]
[Site "Hastings ENG"]
[Date "2013.12.30"]
[Round "3.14"]
[White "Pert, Nicholas"]
[Black "Taylor, Adam C"]
[Result "1-0"]
[WhiteTitle "GM"]
[WhiteElo "2554"]
[BlackElo "2025"]
[WhiteFideId "403989"]
[BlackFideId "424668"]
[EventDate "2013.12.28"]

1. d4 Nf6 2. Nf3 e6 3. c4 c5 4. d5 exd5 5. cxd5 d6 6. Nc3 g6 7. Bf4 a6 8. Nd2
Nh5 9. Qa4+ Qd7 10. Qe4+ Be7 11. Bg5 f6 12. Bh6 b5 13. Qc2 Bf8 14. Bxf8 Rxf8 15.
g3 Qe7 16. Bg2 Nd7 17. O-O Kf7 18. f4 Ng7 19. e4 Kg8 20. Rae1 Bb7 21. a4 b4 22.
Nd1 a5 23. Ne3 Ba6 24. Nec4 Qd8 25. Rf3 Qc7 26. Rfe3 Rae8 27. b3 Rf7 28. Qb2
Bxc4 29. Nxc4 Nb6 30. Bh3 Nxc4 31. bxc4 f5 32. e5 Rfe7 33. Bg2 Qd7 34. Qc2 Qc7
35. Qb2 Qd7 36. Qa1 Rb8 37. Bf3 Rbe8 38. Bd1 Qc7 39. Kf2 Qb8 40. h3 Qc7 41. Bc2
Qd7 42. Kf3 Rf8 43. Kg2 Rfe8 44. Qd1 Rf8 45. Qf3 Nh5 46. Kf2 Ng7 47. R1e2 Qd8
48. Kg2 Rfe8 49. Qf2 Qc7 50. Qe1 Qd7 51. Kf2 Kf8 52. Kg1 Kg8 53. Kf1 Kf8 54. g4
Kg8 55. e6 Qb7 56. gxf5 gxf5 57. Rg2 Kh8 58. Qa1 Qa6 59. Bd3 Rb8 60. Reg3 Rbb7
61. Qf6 Qa8 62. Bxf5 b3 63. Bb1 b2 64. Qh6 1-0

[Event "89th Hastings Masters 2013-14"]
[Site "Hastings ENG"]
[Date "2013.12.30"]
[Round "3.15"]
[White "Sarkar, Justin"]
[Black "Halfhide, Sebastian"]
[Result "1-0"]
[WhiteTitle "IM"]
[WhiteElo "2425"]
[BlackElo "1916"]
[WhiteFideId "2010011"]
[BlackFideId "1045946"]
[EventDate "2013.12.28"]

1. d4 Nf6 2. c4 e6 3. Nc3 Bb4 4. f3 d5 5. a3 Bxc3+ 6. bxc3 c5 7. cxd5 exd5 8. e3
O-O 9. Bd3 Nc6 10. Ne2 Ne7 11. Ng3 Be6 12. O-O Qd7 13. Ra2 cxd4 14. cxd4 Nf5 15.
Nh1 Nd6 16. g4 Nfe8 17. Rg2 f5 18. h3 Rc8 19. Nf2 b5 20. Bb1 Nf6 21. Nd3 Qe7 22.
Bd2 Bf7 23. Re1 fxg4 24. hxg4 Qc7 25. Bb4 Rfe8 26. Ne5 g6 27. e4 dxe4 28. Bxd6
Qxd6 29. Nxf7 Kxf7 30. fxe4 Rcd8 31. Ba2+ Kf8 32. Rf1 g5 33. Rxf6+ Qxf6 34. Rf2
Qxf2+ 35. Kxf2 Rxe4 36. Qb3 Rf4+ 37. Kg3 Rdxd4 38. Qg8+ Ke7 39. Qxg5+ Kf8 40.
Qxf4+ Rxf4 41. Kxf4 a5 42. Kg5 Kg7 43. Bd5 b4 44. axb4 axb4 45. Bb3 h6+ 46. Kh5
Kh7 47. Ba4 Kg7 48. Bc2 b3 49. Bxb3 Kh8 50. Kg6 h5 51. g5 1-0

[Event "89th Hastings Masters 2013-14"]
[Site "Hastings ENG"]
[Date "2013.12.30"]
[Round "3.16"]
[White "Milliet, Sophie"]
[Black "Brewer, Callum D"]
[Result "1/2-1/2"]
[WhiteTitle "IM"]
[WhiteElo "2387"]
[BlackElo "1693"]
[WhiteFideId "623725"]
[BlackFideId "435309"]
[EventDate "2013.12.28"]

1. e4 c6 2. d4 d5 3. Nc3 dxe4 4. Nxe4 Nd7 5. Ng5 Ngf6 6. Bd3 e6 7. N1f3 Bd6 8.
Qe2 h6 9. Ne4 Nxe4 10. Qxe4 Qc7 11. O-O b6 12. Qg4 Kf8 13. Bd2 Bb7 14. b4 c5 15.
bxc5 bxc5 16. Rab1 Rc8 17. dxc5 Nxc5 18. Bb4 h5 19. Qh3 Bxf3 20. Qxf3 Bxh2+ 21.
Kh1 Bd6 22. Bxc5 Qxc5 23. Rb7 Bc7 24. Rfb1 Rh6 25. R7b5 Qe7 26. Rxh5 Qg5 27.
Rxh6 Qxh6+ 28. Qh3 Qxh3+ 29. gxh3 Bb6 30. Kg2 Ke7 31. Rb4 Rd8 32. a4 1/2-1/2

[Event "89th Hastings Masters 2013-14"]
[Site "Hastings ENG"]
[Date "2013.12.30"]
[Round "3.17"]
[White "Sugden, John N"]
[Black "Wegerle, Joerg"]
[Result "0-1"]
[BlackTitle "IM"]
[WhiteElo "2138"]
[BlackElo "2431"]
[WhiteFideId "402001"]
[BlackFideId "4644743"]
[EventDate "2013.12.28"]

1. e4 e6 2. d4 d5 3. Nd2 dxe4 4. Nxe4 Qd5 5. Nc3 Bb4 6. Nf3 Nf6 7. a3 Bxc3+ 8.
bxc3 b6 9. Bd3 Ba6 10. O-O O-O 11. Bxa6 Nxa6 12. Qd3 Nb8 13. c4 Qe4 14. Re1 Qxd3
15. cxd3 Rd8 16. Bb2 Nbd7 17. a4 c6 18. Bc3 Rdc8 19. h3 h6 20. Kf1 Ne8 21. Reb1
f6 22. Bb4 Kf7 23. Ra2 c5 24. dxc5 bxc5 25. Ba5 Nd6 26. Rab2 Rc6 27. Bd2 Ra6 28.
a5 Rc8 29. Bc3 Rac6 30. Nd2 a6 31. Ne4 Ke7 32. Nxd6 Rxd6 33. Ke2 Rc7 34. Rb7 Kd8
35. f4 Rxb7 36. Rxb7 Kc8 37. Rb1 Kc7 38. Ke3 Rc6 39. g4 Kd6 40. g5 hxg5 41. fxg5
Rc8 42. gxf6 gxf6 43. h4 e5 44. h5 Rh8 45. Rh1 f5 46. h6 Ke6 47. Kf3 Rh7 48. Bd2
f4 49. Bc3 Kf5 50. Rh5+ Kg6 51. Rxe5 Nxe5+ 52. Bxe5 Rd7 53. Bxf4 Rxd3+ 54. Be3
Rc3 55. Ke4 Rxc4+ 56. Kd5 Ra4 57. Kxc5 Rxa5+ 58. Kb6 Ra2 59. Kc5 Rb2 60. Kc4 a5
61. Kc3 Rb7 62. Bc1 a4 63. Kc2 Rb3 64. Bf4 Rf3 65. Be5 Kxh6 66. Kb2 Rb3+ 67. Ka2
Kg6 68. Bd4 Kf5 69. Bc5 Ke4 70. Be7 Kd5 71. Bf8 Rf3 72. Be7 Re3 73. Bf8 Kc4 74.
Bd6 Kb5 75. Bf8 Rc3 76. Be7 a3 77. Bxa3 Ka4 78. Bd6 Rc2+ 79. Kb1 Kb3 80. Bb8 Rc8
81. Ba7 Rc7 82. Bb6 Rb7 83. Be3 Re7 84. Bd2 Rf7 0-1

[Event "89th Hastings Masters 2013-14"]
[Site "Hastings ENG"]
[Date "2013.12.30"]
[Round "3.18"]
[White "Kipper, Jens"]
[Black "Harari, Zaki"]
[Result "1-0"]
[WhiteElo "2378"]
[BlackElo "2118"]
[WhiteFideId "4632796"]
[BlackFideId "2002639"]
[EventDate "2013.12.28"]

1. Nf3 d5 2. d4 Nf6 3. c4 dxc4 4. e3 e6 5. Bxc4 a6 6. O-O b5 7. Bb3 Bb7 8. a4 b4
9. Nbd2 Nbd7 10. Qe2 c5 11. Nc4 Be7 12. Rd1 Qc7 13. Bd2 O-O 14. Rac1 a5 15. Nce5
Nxe5 16. Nxe5 Qb6 17. Bc4 Rfd8 18. dxc5 Bxc5 19. Bb5 Rac8 20. Be1 Bd5 21. Kh1
Qb8 22. Nc6 Bxc6 23. Rxd8+ Rxd8 24. Bxc6 Qe5 25. Bf3 h5 26. Rc4 g6 27. Qc2 Bf8
28. g3 Nd5 29. Kg2 Nb6 30. Rc6 Nd5 31. Bd2 Nf6 32. e4 Qd4 33. Bg5 Be7 34. Rc7
Rd7 35. Be3 Qd6 36. Rc8+ Rd8 37. Rxd8+ Qxd8 38. Qc6 Nd7 39. Be2 Bf6 40. b3 Bc3
41. Qd6 Be5 42. Qa6 Qc7 43. Qc4 Qxc4 44. Bxc4 Kf8 45. Kf3 Bc7 46. Ke2 Ke7 47.
Bh6 Bb6 48. Bf4 f6 49. h4 Ne5 50. Bb5 Nf7 51. f3 e5 52. Bd2 Nd8 53. Kd3 Bf2 54.
g4 Bxh4 55. Be3 Bg5 56. Bc5+ Ke6 57. Bb6 h4 58. Ke2 Nb7 59. Bc6 h3 60. Kf1 Nd6
61. Bxa5 Be3 62. Bxb4 Nc8 63. Be1 f5 64. exf5+ gxf5 65. gxf5+ Kd6 66. Be4 Nb6
67. Bh4 Bc5 68. Bf2 Nd7 69. Bxc5+ Kxc5 70. Kf2 Kd6 71. Kg3 Nc5 72. a5 Kc7 73. b4 1-0

[Event "89th Hastings Masters 2013-14"]
[Site "Hastings ENG"]
[Date "2013.12.30"]
[Round "3.19"]
[White "Jaunooby, Ali R"]
[Black "Radovanovic, Jovica"]
[Result "1/2-1/2"]
[BlackTitle "FM"]
[WhiteElo "2124"]
[BlackElo "2339"]
[WhiteFideId "413291"]
[BlackFideId "915912"]
[EventDate "2013.12.28"]

1. d4 Nf6 2. c4 g6 3. Nc3 Bg7 4. g3 d5 5. cxd5 Nxd5 6. Bg2 Nxc3 7. bxc3 c5 8. e3
Qa5 9. Bd2 Nc6 10. Ne2 O-O 11. O-O Qc7 12. Rc1 Rd8 13. d5 Ne5 14. c4 Bg4 15. f3
Bd7 16. f4 Nd3 17. Rb1 Nb2 18. Qc1 Na4 19. Nc3 Nb6 20. Nb5 Bxb5 21. Rxb5 Nc8 22.
Bc3 1/2-1/2

[Event "89th Hastings Masters 2013-14"]
[Site "Hastings ENG"]
[Date "2013.12.30"]
[Round "3.21"]
[White "Brown, Thomas"]
[Black "Erzhanov, Arman"]
[Result "1-0"]
[BlackTitle "FM"]
[WhiteElo "2088"]
[BlackElo "2325"]
[WhiteFideId "1801430"]
[BlackFideId "4138821"]
[EventDate "2013.12.28"]

1. c4 c5 2. Nf3 Nc6 3. Nc3 e5 4. e3 f5 5. d4 e4 6. d5 Nb8 7. Nd2 Nf6 8. f3 exf3
9. Nxf3 g6 10. Bd3 Bg7 11. O-O O-O 12. e4 fxe4 13. Nxe4 Nxe4 14. Bxe4 d6 15. Bg5
Qc7 16. Qd2 Bg4 17. Nh4 Na6 18. h3 Bd7 19. Bxg6 hxg6 20. Nxg6 Rxf1+ 21. Rxf1 Re8
22. Ne7+ Kh8 23. Qf4 Rxe7 24. Bxe7 Be8 25. Qh4+ Kg8 26. Qg5 Bg6 27. h4 Kh7 28.
h5 Be8 29. Qf5+ Kg8 30. Qe6+ Kh7 31. h6 Bxh6 32. Qe4+ Bg6 33. Qh4 Nb4 34. Bf8
Kg8 35. Bxh6 Kh7 36. Bg5+ Kg8 37. Be7 Kg7 38. Qf6+ Kh7 39. Rf4 1-0

[Event "89th Hastings Masters 2013-14"]
[Site "Hastings ENG"]
[Date "2013.12.30"]
[Round "3.22"]
[White "Jackson, James P"]
[Black "Villiers, Thomas"]
[Result "1/2-1/2"]
[WhiteElo "2282"]
[BlackElo "2078"]
[WhiteFideId "416860"]
[BlackFideId "427209"]
[EventDate "2013.12.28"]

1. e4 d5 2. exd5 Qxd5 3. Nc3 Qa5 4. d4 Nf6 5. Bc4 c6 6. Nf3 Bf5 7. Bd2 e6 8. Qe2
Bb4 9. O-O-O Nbd7 10. Nh4 Bg4 11. f3 Bxc3 12. bxc3 Bh5 13. g4 Bg6 14. Bb3 O-O-O
15. Kb2 Qb6 16. Ka1 Rhe8 17. Rb1 Qc7 18. Nxg6 hxg6 19. Be1 Nd5 20. Qd2 Qf4 21.
Qxf4 Nxf4 22. Bd2 Nd5 23. c4 N5b6 24. c5 Na8 25. Bf4 Nc7 26. Bc4 e5 27. Bg3 Ne6
28. d5 cxd5 29. Bxd5 Ndxc5 30. c4 f6 31. h4 b6 32. Bf2 Re7 33. Be3 Kc7 34. h5
gxh5 35. gxh5 Rh8 36. Rbg1 Kd6 37. Rd1 Kc7 38. Kb2 Nf4 39. Bxf4 exf4 40. Rdg1
Re2+ 41. Kc1 Nd3+ 42. Kb1 Re7 43. h6 Rxh6 44. Rxh6 gxh6 45. Rg6 Kd6 46. Rxf6+
Ke5 47. Rxh6 Kd4 48. Rh2 Re1+ 49. Kc2 Rc1+ 50. Kb3 Rb1+ 51. Ka3 b5 52. Be4 bxc4
53. Rh7 Rb8 54. Rxa7 Nc5 55. Bg6 Rb6 56. Bf5 Kc3 57. Ra8 Nd3 58. Ka4 Rb2 59. a3
Nc5+ 60. Ka5 Rb3 61. Rf8 Rxa3+ 62. Kb5 Nb3 63. Be4 Nd4+ 64. Kb6 Rb3+ 65. Ka5 Ne2
66. Rd8 Ra3+ 67. Kb6 Kb4 68. Rd2 Re3 69. Rb2+ Ka3 70. Rd2 c3 71. Rd5 Rxe4 72.
fxe4 c2 73. Rc5 c1=Q 74. Rxc1 Nxc1 75. e5 Nd3 76. e6 Ne5 77. e7 Nd7+ 78. Kb5 Nf6
79. Kc4 1/2-1/2

[Event "89th Hastings Masters 2013-14"]
[Site "Hastings ENG"]
[Date "2013.12.30"]
[Round "3.23"]
[White "Harvey, Marcus R"]
[Black "Pickersgill, Adrian O"]
[Result "1-0"]
[WhiteElo "2269"]
[BlackElo "1988"]
[WhiteFideId "400092"]
[BlackFideId "404519"]
[EventDate "2013.12.28"]

1. c4 e5 2. Nc3 d6 3. Nf3 f5 4. d4 e4 5. Bg5 Be7 6. Bxe7 Nxe7 7. Ng5 Ng6 8. Nh3
O-O 9. e3 c6 10. g3 Nd7 11. Be2 Nf6 12. Nf4 Nxf4 13. gxf4 d5 14. Qb3 Kh8 15. Rg1
a5 16. cxd5 cxd5 17. O-O-O Rf7 18. Na4 Bd7 19. Nb6 a4 20. Qb4 Ra7 21. Nxd7 Nxd7
22. Kb1 Nb6 23. Rc1 Ra8 24. Rc5 g6 25. a3 Rf6 26. Rgc1 Re6 27. Rc7 Rb8 28. Bb5
Qd6 29. Qxd6 Rxd6 30. Re7 Nc4 31. Bxc4 dxc4 32. Rxc4 b5 33. Rcc7 h5 34. h4 Rdb6
35. b4 axb3 36. Kb2 Ra8 37. Rh7+ Kg8 38. Rcg7+ Kf8 39. Rb7 Rxb7 40. Rxb7 Rc8 41.
Kxb3 Rc1 42. Rxb5 1-0

[Event "89th Hastings Masters 2013-14"]
[Site "Hastings ENG"]
[Date "2013.12.30"]
[Round "3.24"]
[White "Stewart, Neil"]
[Black "Spanton, Tim R"]
[Result "1-0"]
[WhiteTitle "FM"]
[WhiteElo "2258"]
[BlackElo "2008"]
[WhiteFideId "4636988"]
[BlackFideId "404802"]
[EventDate "2013.12.28"]

1. c4 c5 2. g3 g6 3. Bg2 Bg7 4. Nc3 Nc6 5. Nf3 Nf6 6. d4 cxd4 7. Nxd4 O-O 8. O-O
Nxd4 9. Qxd4 d6 10. Qd3 a6 11. Be3 Bf5 12. Qd2 Qc7 13. Rac1 Rfc8 14. Rfd1 Be6
15. b3 Bd7 16. c5 dxc5 17. Nd5 Nxd5 18. Rxc5 Qb8 19. Rxc8+ Qxc8 20. Bxd5 Bh3 21.
Rc1 Qd7 22. Bg2 Qxd2 23. Bxd2 Bxg2 24. Kxg2 Be5 25. Bb4 Rd8 26. Bxe7 Rd2 27. f4
Bd4 28. Kf3 Rxa2 29. Rd1 Bc3 30. Rd8+ Kg7 31. Bf8+ Kf6 32. Rd6+ 1-0

[Event "89th Hastings Masters 2013-14"]
[Site "Hastings ENG"]
[Date "2013.12.30"]
[Round "3.25"]
[White "Ledger, Dave J"]
[Black "Fernandez, Michael"]
[Result "1-0"]
[WhiteTitle "FM"]
[WhiteElo "2246"]
[BlackElo "1975"]
[WhiteFideId "401986"]
[BlackFideId "5803560"]
[EventDate "2013.12.28"]

1. e4 c5 2. Nf3 d6 3. d4 cxd4 4. Nxd4 Nf6 5. Nc3 g6 6. Be3 a6 7. f3 b5 8. Qd2
Bb7 9. g4 Nbd7 10. g5 Nh5 11. a4 b4 12. Nd5 e6 13. Nxb4 Qc7 14. Be2 Bg7 15. c3
Nc5 16. Qc2 e5 17. Nb3 Nf4 18. Bxf4 exf4 19. Nxc5 dxc5 20. Nd3 O-O 21. Nf2 f5
22. gxf6 Bxf6 23. Bc4+ Kg7 24. O-O-O Rad8 25. Rxd8 Rxd8 26. h4 Qe7 27. h5 Bh4
28. hxg6 hxg6 29. Ng4 Bc8 30. Ne5 Qxe5 31. Rxh4 Qg5 32. Qh2 Qg3 33. Qh1 Kf6 34.
Rh2 a5 35. Rh8 Rxh8 36. Qxh8+ Kg5 37. Qxc8 Qxf3 38. Qxc5+ Kh4 39. e5 1-0

[Event "89th Hastings Masters 2013-14"]
[Site "Hastings ENG"]
[Date "2013.12.30"]
[Round "3.26"]
[White "Repplinger, Marc"]
[Black "Othman, Mustapha"]
[Result "1-0"]
[WhiteElo "2245"]
[BlackElo "1914"]
[WhiteFideId "4651120"]
[BlackFideId "8500797"]
[EventDate "2013.12.28"]

1. d4 Nf6 2. Nf3 g6 3. c4 Bg7 4. Nc3 d5 5. e3 O-O 6. cxd5 Nxd5 7. Bc4 Nb6 8. Bb3
Nc6 9. O-O e5 10. Nxe5 Nxe5 11. dxe5 Qxd1 12. Rxd1 Bxe5 13. e4 Be6 14. f4 Bxb3
15. axb3 Bxc3 16. bxc3 Rad8 17. Be3 a6 18. Kf2 Rfe8 19. Kf3 Nc8 20. Bf2 f6 21.
g4 Kf7 22. Rd4 Ne7 23. Rad1 Nc6 24. Rd7+ Rxd7 25. Rxd7+ Re7 26. Rd5 Re8 27. Bg3
Rd8 28. Rxd8 Nxd8 29. f5 c5 30. Bd6 c4 31. bxc4 Nc6 32. Ke3 g5 33. Kd3 Ke8 34.
c5 Kd7 35. Bg3 Ke7 36. h3 Kd7 37. Bh2 Ke7 38. Kc4 Kd7 39. Bg3 h6 40. Bh2 Ke7 41.
Kd5 Kd7 42. Bd6 Nd8 43. e5 fxe5 44. Bxe5 Nf7 45. Bf6 a5 46. Bg7 a4 47. Kc4 Kc6
48. Kb4 a3 49. c4 a2 50. Bd4 Nd8 51. Kb3 a1=Q 52. Bxa1 Kxc5 53. Bg7 Nf7 54. Kc3
Kc6 55. Kd4 Kd7 56. Kd5 Ke7 57. c5 Kd7 58. Bf6 Ke8 59. Ke6 Kf8 60. Kd7 h5 61.
Kc7 hxg4 62. hxg4 Nh6 63. Kxb7 Nxg4 64. Bd4 Nh6 65. c6 Nxf5 66. Bc5+ Kf7 67. c7
Ng7 68. c8=Q Ne6 69. Qd7+ Kf6 70. Be7+ Kf7 71. Bd8+ 1-0

[Event "89th Hastings Masters 2013-14"]
[Site "Hastings ENG"]
[Date "2013.12.30"]
[Round "3.27"]
[White "Helmer, Christoph"]
[Black "Schuster, Martin"]
[Result "1-0"]
[WhiteElo "2037"]
[BlackElo "2209"]
[WhiteFideId "24606642"]
[BlackFideId "4651294"]
[EventDate "2013.12.28"]

1. e4 c6 2. d4 d5 3. Nc3 dxe4 4. Nxe4 Bf5 5. Ng3 Bg6 6. h4 h6 7. Nf3 Nd7 8. h5
Bh7 9. Bd3 Bxd3 10. Qxd3 e6 11. Bf4 Qa5+ 12. Bd2 Bb4 13. Ne4 Ngf6 14. Nd6+ Ke7
15. Nxb7 Bxd2+ 16. Nxd2 Qb4 17. Qb3 Qxd4 18. O-O-O Qb6 19. Qa3+ c5 20. Na5 Rhc8
21. Ndc4 Qc7 22. Nd6 Rcb8 23. Rhe1 Kf8 24. Nac4 a5 25. Qf3 Rd8 26. Nxf7 Kxf7 27.
Rxd7+ Rxd7 28. Ne5+ Ke7 29. Qxa8 Rd5 30. Ng6+ Kd6 31. Qf8+ 1-0

[Event "89th Hastings Masters 2013-14"]
[Site "Hastings ENG"]
[Date "2013.12.30"]
[Round "3.28"]
[White "McPhillips, Joseph"]
[Black "Staniforth, Matthew"]
[Result "1-0"]
[WhiteElo "2199"]
[BlackElo "1899"]
[WhiteFideId "422487"]
[BlackFideId "1802593"]
[EventDate "2013.12.28"]

1. e4 e5 2. Nf3 Nc6 3. Bb5 f5 4. d3 fxe4 5. dxe4 Nf6 6. O-O Bc5 7. Qd3 d6 8. Qc4
Qe7 9. Nc3 Bd7 10. Nd5 Nxd5 11. exd5 Nd4 12. Bxd7+ Qxd7 13. Nxd4 Bxd4 14. a4 a6
15. Be3 Bxe3 16. fxe3 O-O-O 17. Rf2 Rdf8 18. Raf1 Qe7 19. Qe4 g6 20. c4 Rxf2 21.
Rxf2 Rf8 22. Qg4+ Kd8 23. Rc2 Qf6 24. Qe2 Qh4 25. b4 b5 26. h3 Qe4 27. cxb5 axb5
28. a5 Qxd5 29. a6 c6 30. Rd2 Qe6 31. e4 Kd7 32. Qe3 Qc4 33. Rf2 Rxf2 34. Qxf2
Kc7 35. Qa7+ Kc8 36. Kh2 Qxe4 37. Qb7+ Kd8 38. Qf7 Qxb4 39. a7 Qa5 40. a8=Q+
Qxa8 41. Qf8+ Kc7 42. Qxa8 Kb6 43. Kg1 b4 44. Kf2 Kc5 45. Qb8 e4 46. Ke3 d5 47.
Qa7+ Kd6 48. Kd4 1-0

[Event "89th Hastings Masters 2013-14"]
[Site "Hastings ENG"]
[Date "2013.12.30"]
[Round "3.30"]
[White "Taylor, Adam A"]
[Black "Rayner, Francis"]
[Result "1/2-1/2"]
[WhiteElo "1983"]
[BlackElo "2192"]
[WhiteFideId "415790"]
[BlackFideId "1800132"]
[EventDate "2013.12.28"]

1. Nf3 c5 2. c4 Nf6 3. Nc3 d5 4. cxd5 Nxd5 5. d4 e6 6. e4 Nxc3 7. bxc3 cxd4 8.
cxd4 Nc6 9. Bc4 b5 10. Bb3 Bb4+ 11. Bd2 Bxd2+ 12. Qxd2 O-O 13. O-O Na5 14. Rfd1
Bb7 15. d5 Nxb3 16. axb3 exd5 17. exd5 Qd6 18. Ng5 Qg6 19. Nh3 a6 20. Nf4 Qd6
21. Qd4 Rad8 22. Rac1 Rfe8 23. h4 Rd7 24. Rc3 Rde7 25. Rg3 g6 26. f3 Re5 27. h5
g5 28. Nd3 Rf5 29. f4 f6 30. h6 Qxd5 31. Qa7 Rxf4 32. Nxf4 Qxd1+ 33. Kh2 Qd7 34.
Qb6 Qc6 35. Qd4 Kf7 36. Rxg5 Rg8 37. Rxg8 Kxg8 38. Qd8+ Kf7 39. Qh8 Qe4 40. Qg7+
Ke8 41. Qxf6 Kd7 42. Qg5 Kd6 43. Qf6+ 1/2-1/2

[Event "89th Hastings Masters 2013-14"]
[Site "Hastings ENG"]
[Date "2013.12.30"]
[Round "3.31"]
[White "Young, Mel J"]
[Black "Wadsworth, Matthew J"]
[Result "1/2-1/2"]
[WhiteElo "1902"]
[BlackElo "2188"]
[WhiteFideId "410357"]
[BlackFideId "415804"]
[EventDate "2013.12.28"]

1. e4 e6 2. Nf3 d5 3. Nc3 Nf6 4. e5 Nfd7 5. d4 c5 6. dxc5 Nc6 7. Bf4 Bxc5 8. Bd3
f6 9. exf6 Nxf6 10. O-O O-O 11. Qd2 a6 12. a3 Bd7 13. Rae1 Nh5 14. Be5 Nxe5 15.
Nxe5 Nf4 16. Nxd7 Qg5 17. Qxf4 Qxf4 18. Nxc5 Qd6 19. Nxe6 Rf6 20. Ng5 h6 21. Nf3
b5 22. Re2 Rd8 23. Rfe1 b4 24. axb4 Qxb4 25. Re8+ Rf8 26. Rxd8 Rxd8 27. Bxa6
Qxb2 28. Nxd5 Qxc2 29. Ne3 Qc3 30. h3 Ra8 31. Bc4+ Kh8 32. Kh2 Re8 33. Bd5 Qa5
34. Bb3 Qb6 35. Ba2 Qa7 36. Re2 Qc7+ 37. g3 Qc6 38. Nd4 Qe4 39. Nef5 Qxe2 40.
Nxe2 Rxe2 41. Bb1 Rxf2+ 42. Kg1 Re2 43. Bd3 1/2-1/2